Mecánica vectorial para ingenieros

Saved in:
Bibliografiske detaljer
Hovedforfatter: Nara, Harry R. (autor)
Format: Bog
Sprog:spansk
Udgivet: Ciudad de México Limusa 1964
Fag:
Tags: Tilføj Tag
Ingen Tags, Vær først til at tagge denne postø!

MARC

LEADER 00000nam a2200000 a 4500
001 UCP0552
003 CL-VaPUC
008 990313e19640000MX |||||||||||||||||spa|d
082 0 4 |a 620.1  |b NAR  |2 21 
100 |a Nara, Harry R.  |e autor  |9 425886 
245 1 0 |a Mecánica vectorial para ingenieros 
300 |a 2 v 
942 |c BK 
945 |d 19990313 00:00:00  |a lriquelm 
260 |a Ciudad de México  |b Limusa  |c 1964 
500 |a v.1: Estática 
500 |a v.2: Dinámica 
650 0 |a Mecánica aplicada  |9 260187 
650 0 |a Análisis vectorial   |9 260451 
650 0 |a Estática  |9 260452 
650 0 |a Dinámica  |9 260136 
583 |a last modification  |c 19990313 00:00:00  |k Rodrigo Vera 
999 |c 279318  |d 279316